000 00731nam a2200253 a 4500
005 20191224041628.0
008 140304b1997 ck ||||| |||| 00| 0 spa d
040 _aCO-BoIAVH
_cCO-BoIAVH
041 _aspa
044 _ack
090 _aLB
_b02044
100 _aMuñoz T., Sandra E
_915015
245 _aEstrategias de ordenamiento pesquero integral en el Magdalena medio
260 _aBogotá
_bINPA
_c1997
300 _a25
650 _aOrdenamiento pesquero
_915016
650 _aPesca
_942035
650 _aPeces
_942036
650 _aVedas y prohibiciones
_912983
650 _aRecursos hidrobiológicos
_92554
700 _aBeltrán, Isabel C.
_915018
700 _aValderrama B., Mauricio
_95419
942 _cINFORME
_2z
999 _c2221
_d2221